000 00464nam a22001697a 4500
999 _c12477
_d12477
008 210203b ||||| |||| 00| 0 eng d
020 _a0582425433
082 0 0 _a530.0246
_bH8931
100 _950
_aHughes, Edward
245 1 0 _aEngineering science in SI units
_cby Edward Hughes and Christopher Hughes
260 _aLondon
_bLongman
_c1970
300 _axiv, 339p.
365 _d25.00
650 0 _aPhysics
700 _94612
_aHughes, Christopher
942 _cBK